Особенности формирования ордовикских отложений Западно-Сибирской геосинеклизы; Проблемы геологии и освоения недр; Т. 1

Dettagli Bibliografici
Parent link:Проблемы геологии и освоения недр: труды XVIII Международного симпозиума имени академика М. А. Усова студентов и молодых ученых, Томск, 7-11 апреля 2014 г./ Национальный исследовательский Томский политехнический университет (ТПУ), Институт природных ресурсов (ИПР) ; Общество инженеров-нефтяников, международная некоммерческая организация, Студенческий чаптер ; под ред. А. Ю. Дмитриева.— , 2014
Т. 1.— [С. 296-298]
Autore principale: Ковешников А. Е. Александр Евгеньевич
Ente Autore: Национальный исследовательский Томский политехнический университет (ТПУ) Институт природных ресурсов (ИПР) Кафедра геологии и разведки полезных ископаемых (ГРПИ)
Altri autori: Мамедов О. В. (научный руководитель), Нестерова А. С.
Riassunto:Заглавие с экрана
Lingua:russo
Pubblicazione:
Serie:Геология нефти и газа. Современные методы поисков и разведки углеводородного сырья
Soggetti:
Accesso online:http://earchive.tpu.ru/handle/11683/65791
http://www.lib.tpu.ru/fulltext/c/2014/C11/V1/137.pdf
Natura: MixedMaterials Elettronico Capitolo di libro
KOHA link:https://koha.lib.tpu.ru/cgi-bin/koha/opac-detail.pl?biblionumber=608242

MARC

LEADER 00000naa2a2200000 4500
001 608242
005 20260318145623.0
035 |a (RuTPU)RU\TPU\conf\5672 
035 |a RU\TPU\conf\5671 
090 |a 608242 
100 |a 20140923d2014 k y0rusy50 ca 
101 0 |a rus 
102 |a RU 
135 |a drcn ---uucaa 
181 0 |a i  
182 0 |a b 
200 1 |a Особенности формирования ордовикских отложений Западно-Сибирской геосинеклизы  |f А. Е. Ковешников, О. В. Мамедов, А. С. Нестерова  |g науч. рук. А. Е. Ковешников 
203 |a Текст  |c электронный 
225 1 |a Геология нефти и газа. Современные методы поисков и разведки углеводородного сырья 
300 |a Заглавие с экрана 
320 |a [Библиогр.: с. 298 (2 назв.)] 
337 |a Adobe Reader 
461 1 |0 (RuTPU)RU\TPU\conf\5590  |t Проблемы геологии и освоения недр  |o труды XVIII Международного симпозиума имени академика М. А. Усова студентов и молодых ученых, Томск, 7-11 апреля 2014 г.  |o в 2 т.  |f Национальный исследовательский Томский политехнический университет (ТПУ), Институт природных ресурсов (ИПР) ; Общество инженеров-нефтяников, международная некоммерческая организация, Студенческий чаптер ; под ред. А. Ю. Дмитриева  |d 2014 
463 1 |0 (RuTPU)RU\TPU\conf\5592  |t Т. 1  |v [С. 296-298] 
610 1 |a труды учёных ТПУ 
610 1 |a электронный ресурс 
610 1 |a ордовикские отложения 
610 1 |a Западно-Сибирская геосинеклиза 
610 1 |a породы-коллекторы 
700 1 |a Ковешников  |b А. Е.  |c геолог  |c доцент Томского политехнического университета, кандидат геолого-минералогических наук  |f 1953-  |g Александр Евгеньевич  |3 (RuTPU)RU\TPU\pers\27085 
701 1 |a Мамедов  |b О. В. 
701 1 |a Нестерова  |b А. С. 
702 1 |a Ковешников  |b А. Е.  |c геолог  |c доцент Томского политехнического университета, кандидат геолого-минералогических наук  |f 1953-  |g Александр Евгеньевич  |4 727 
712 0 2 |a Национальный исследовательский Томский политехнический университет (ТПУ)  |b Институт природных ресурсов (ИПР)  |b Кафедра геологии и разведки полезных ископаемых (ГРПИ)  |3 (RuTPU)RU\TPU\col\18660 
801 2 |a RU  |b 63413507  |c 20210915  |g RCR 
856 4 |u http://earchive.tpu.ru/handle/11683/65791 
856 4 |u http://www.lib.tpu.ru/fulltext/c/2014/C11/V1/137.pdf 
942 |c BK